000 00455nam a2200169Ia 4500
003 GCL
008 140319s9999 xx 000 0 eng d
040 _aGCL /
_cGCL
082 0 4 _a301
_bG H
100 1 _aGIDDENS, ANTHONY
245 1 0 _aHUMAN SOCIETES: AN INTRODUCTORY READER IN SOCIOLOGY /
_cGIDDENS, ANTHONY
260 _a[S.N] :
_bPOLITY PRESS ،
_c1992
300 _a388 P
650 0 4 _aSOCIOLOGY
650 0 4 _aSOCIAL INTERACTION
942 _2ddc
_cBK
999 _c12098
_d12098